Presupuesto del proyecto rehabilitación de Instituto Técnico Azarías H. Pallais para funcionamiento de bachillerato

Presenta un estudio de costo de todo el proceso constructivo en el cual se detalla por etapas y sub-etapas: el cálculo de Take Off (cantidades de obras o volúmenes de trabajo), costos de mano de obra, materiales y transporte y equipos a utilizar.

Bibliographic Details
Main Author: Jarquín Martínez, Nohelia Esther
Other Authors: Tutor: Espinoza González, Luis Gustavo
Format: Tesis Section = Libro
Language:Undetermined
Spanish
Published: Managua UNI 2011
Subjects:
LEADER 01094nam a2200253Ia 4500
008 240830s9999 xx 000 0 und d
040 |a BIBLIOTECA-RUPAP T.Mon 692.5 J37 
041 |a spa 
082 |a T.Mon 692.5 J37 
100 1 |a Jarquín Martínez, Nohelia Esther 
245 1 0 |a Presupuesto del proyecto rehabilitación de Instituto Técnico Azarías H. Pallais para funcionamiento de bachillerato 
260 |a Managua  |b UNI  |c 2011 
300 |a 234 p. :il. 
500 |a Contiene: anexos. 
502 |a Tesis (Ingeniero Civil)- UNI, 2011. 
520 3 |a Presenta un estudio de costo de todo el proceso constructivo en el cual se detalla por etapas y sub-etapas: el cálculo de Take Off (cantidades de obras o volúmenes de trabajo), costos de mano de obra, materiales y transporte y equipos a utilizar. 
650 7 |a CONSTRUCCIONE-ESTIMACIONES 
650 7 |b MATERIALES DE CONSTRUCCIONES-PRESUPUESTO 
650 7 |c COSTO Y PRESUPUESTO 
650 7 |d EXPLANACIONES DE EDIFICIOS I 
700 1 |a Tutor:  |b Espinoza González, Luis Gustavo 
942 |c BK  |2 ddc 
991 |a TESIS 
999 |c 18819